00448nam a2200157Ia 4500008004100000020001800041041000800059082001800067100001200085245001900097260003900116300000900155440006000164500005400224700001200278230125s9999 xx 000 0 und d a1-84112-205-X aeng a658.4092bAJA aAjayi O aLeading Change c2002bCapstone publicationaLondon a132p aEssential Management Thinking At Your Fingertips Series aChange management;Series Book;Leading Series Book aAjayi O